000 004610000a22001930004500
020 _a968-23-0554-3
041 0 _aSPA
082 0 4 _aG 301 M9381s
100 1 _aMoya, Carlos
245 1 0 _aSociólogos y sociología / Carlos Moya
250 _a7
260 _aMexico : Siglo Veintiuno
300 _a295 Pag
001 9244
942 _cBK
999 _c39306
_d39306
336 _atexto
_btxt
_2rdacontent
337 _2rdamedia
_asin mediación
_bn
338 _2rdacarrier
_avolumen
_bnc